| 000 | 00384cam a22001217a 4500 | ||
|---|---|---|---|
| 008 | 180718b1961 xxu||||| |||| 00| 0 eng d | ||
| 082 | _aA6x5415 R 264m | ||
| 100 | _aRegmi, D. R. | ||
| 245 |
_aModern Nepal: rise and growth in the eighteenth century _cby D. R. Regmi |
||
| 260 |
_aCalcutta _bFirma K. L. Mukhopadhyay _c1961 |
||
| 300 | _axv,333p. | ||
| 650 | _aNepal --History --1768-1951. | ||
| 999 |
_c412463 _d412463 |
||